=LDR 00000nam 2200000 4500 =001 INLIS000000000038894 =005 20130612144542 =008 ***********************************ind** =035 ##$$a0010-061300000038894 =041 ##$$a ind =082 ##$$a 813 =090 ##$$a 813, Shu d =100 ##$$a SHUMAN, George =245 ##$$a 18 Seconds/George D. Shuman;Alih bahasa, Fahmy yamani =260 ##$$a 2006 $b Jakarta =300 ##$$a 406 Hlm , 20 Cm =650 ##$$a FIKSI =700 ##$$a YAMANI, Fahmy =850 ##$$a NBPNMAT =990 ##$$a 21195079/BPAP-NTB/2014